00680nam a22001937a 45000010008000000030009000080050017000170070008000340080049000420200015000910400022001060410013001282400039001412450067001802600066002473000022003135000124003357000027004590002387DO-SdBNP20180122102619.00002387160617b 1987 flu xxu||||| |||| 00| 0 spa d a0816399107 aBPMSUbspacBPMSU17aspaheng aFrom heaven with love. lEspañol10aDel cielo con amor : bWhite /ctraducción ; Fernando Chaij aBogotá : bAsociación Publicadora Interamericana, c1987. a556 p. ;c18 cm.  aEl texto completo de esta famosa obra se ha publicado en español con el título de El Deseado de todas las gentes.12aChaij, Fernando, etr.